000 00773cab a2200253 4500
001 ABS50683
008 090401t1994 xxu||||| |||| 00| 0 eng d
035 _a(Sirsi) u1465
041 _aeng
100 _aMurdoch, S.
245 4 _aThe legal implications of rent-free periods at rent review
260 _c1994
350 _a0
490 _aJournal of Property Valuation and Investment
_v12(2) 1994, 43-50(8)
520 _aThe legal implication of inducements as part of the rent review clause is analysed with reference to recent case law.
650 _aINCENTIVES
650 _aINDUCEMENTS
650 _aRENT REVIEWS
650 _aRENT-FREE PERIODS
690 _aLANDLORD AND TENANT-RENT REVIEWS
700 _aCrosby, N.
942 _n0
948 _c04/03/1997
999 _c817
_d817